Beste Champions League Torschützen Borussia Dortmund - Statistiken

Allgemein
  • Dieses Quiz wurde 756 mal gespielt
    77 seit der letzten Aktualisierung
  • Das Durchschnittsergebnis liegt bei 21 aus 29
Antwortstatistiken
Saison Nationalität Tore Spieler % Korrekt
2017/18 Gabun 4 Pierre-Emerick Aubameyang
100%
2016/17 Gabun 7 Pierre-Emerick Aubameyang
100%
2013/14 Polen 6 Robert Lewandowski
100%
2012/13 Polen 10 Robert Lewandowski
100%
2011/12 Polen 1 Robert Lewandowski
100%
2021/22 Norwegen 3 Erling Haaland
99%
2020/21 Norwegen 10 Erling Haaland
99%
2019/20 Norwegen 10 Erling Haaland
99%
2022/23 England 4 Jude Bellingham
96%
2025/26 Guinea 4 Serhou Guirassy
96%
2024/25 Guinea 13 Serhou Guirassy
96%
2011/12 Japan 1 Shinji Kagawa
89%
2014/15 Italien 4 Ciro Immobile
83%
2021/22 Niederlande 3 Donyell Malen
79%
2011/12 Polen 1 Jakub Błaszczykowski
74%
2018/19 Portugal 4 Raphaël Guerreiro
71%
2002/03 Tschechien 8 Jan Koller
70%
2001/02 Tschechien 2 Jan Koller
70%
2011/12 Deutschland 1 Mats Hummels
70%
1996/97 Deutschland 4 Lars Ricken
64%
1995/96 Deutschland 2 Lars Ricken
64%
2023/24 Deutschland 3 Niclas Füllkrug
64%
2011/12 Deutschland 1 Kevin Großkreutz
53%
2001/02 Brasilien 2 Amoroso
46%
2011/12 Kroatien 1 Ivan Perišić
46%
1997/98 Schweiz 4 Stéphane Chapuisat
43%
1995/96 Deutschland 2 Andreas Möller
29%
1996/97 Deutschland 4 Karl-Heinz Riedle
27%
1999/00 Deutschland 3 Fredi Bobic
21%
Keine übereinstimmenden Quizze gefunden
Verteilung der Resultate
Anzahl Personen mit jedem Resultat
Perzentil nach korrekt beantworteten Fragen
Ihre Resultats-Entwicklung
Sie haben dieses Quiz seit der letzten Aktualisierung nicht gespielt